"Слово о полку Игореве" и харьковщина: поиски, вопросы, версии (Запись № 10917347)

Подробности
000 -МАРКЕР
контрольное поле 01872nam0a2200385 4500
001 - ИДЕНТИФИКАТОР ЗАПИСИ
контрольное поле RU\NLR\BIBL_A\011290380
005 - ИДЕНТИФИКАТОР ВЕРСИИ
контрольное поле 20260409080650.0
035 ## - ДРУГИЕ СИСТЕМНЫЕ НОМЕРА
Идентификатор записи (NLR Aleph) 011290380
100 ## - ДАННЫЕ ОБЩЕЙ ОБРАБОТКИ
Данные общей обработки 20161208d2016 |||y0rusy50 ca
101 0# - ЯЗЫК РЕСУРСА
Язык текста, звукозаписи и т.д. русский
102 ## - СТРАНА ПУБЛИКАЦИИ ИЛИ ПРОИЗВОДСТВА
Страна публикации Российская Федерация
105 ## - ПОЛЕ КОДИРОВАННЫХ ДАННЫХ: ТЕКСТОВЫЕ МАТЕРИАЛЫ, МОНОГРАФИЧЕСКИЕ
Кодированные данные о монографическом текстовом документе ab z 000zy
106 ## - ПОЛЕ КОДИРОВАННЫХ ДАННЫХ: ТЕКСТОВЫЕ РЕСУРСЫ – ФОРМА
Форма ресурса: кодированные данные: обозначение носителя s
135 ## - ПОЛЕ КОДИРОВАННЫХ ДАННЫХ: ЭЛЕКТРОННЫЕ РЕСУРСЫ
Кодированные данные для электронного ресурса crmn mmmancba
200 1# - ЗАГЛАВИЕ И СВЕДЕНИЯ ОБ ОТВЕТСТВЕННОСТИ
Основное заглавие "Слово о полку Игореве" и харьковщина: поиски, вопросы, версии
Общее обозначение материала Электронный ресурс
Сведения, относящиеся к заглавию 830 лет спустя
Первые сведения об ответственности Доренский Н. Ю.
210 ## - ПУБЛИКАЦИЯ, РАСПРОСТРАНЕНИЕ И ДР.
Место издания, распространения и т.д. Харьков
Имя издателя, распространителя и т. д. Полосатая типография
Дата издания, распространения и т.д. 2016
215 ## - ФИЗИЧЕСКАЯ ХАРАКТЕРИСТИКА
Специфическое обозначение материала и объем 47 с.
Другие сведения о физической характеристике ил., цв. ил., карт.
230 ## - ОБЛАСТЬ СПЕЦИФИЧЕСКИХ СВЕДЕНИЙ: ЭЛЕКТРОННЫЕ РЕСУРСЫ
Обозначение и объем ресурса Электрон. дан.
300 ## - ОБЩИЕ ПРИМЕЧАНИЯ
Текст примечания Загл. с титул. экрана
320 ## - ПРИМЕЧАНИЯ О НАЛИЧИИ В ДОКУМЕНТЕ БИБЛИОГРАФИИ / УКАЗАТЕЛЯ
Текст примечания Библиогр.: с. 37-39 (39 назв.) и в тексте
325 1# - ПРИМЕЧАНИЕ О КОПИИ
Текст примечания Электронный экз. передан по договору №32(73)-2016
337 ## - ПРИМЕЧАНИЕ О СИСТЕМНЫХ ТРЕБОВАНИЯХ (ЭЛЕКТРОННЫЕ РЕСУРСЫ)
Текст примечания Ресурс доступен в Электронной библиотеке РНБ
500 ## - УНИФИЦИРОВАННОЕ ЗАГЛАВИЕ
-- rus
Унифицированное заглавие Слово о полку Игореве
Графика поля Кириллица
Идентификатор авторитетной / нормативной записи RU\NLR\AUTH\559005
Системный номер авторитетной/нормативной записи 2631093
605 ## - ЗАГЛАВИЕ КАК ПРЕДМЕТ
Начальный элемент ввода "Слово о полку Игореве"
Сведения, относящиеся к заглавию / сведения о виде, жанре, характере документа памятник древнерусской литературы
Системный номер авторитетной/нормативной записи 1044556
Идентификатор авторитетной/нормативной записи RU\NLR\AUTH\66402818
686 1# - ИНДЕКСЫ ДРУГИХ КЛАССИФИКАЦИЙ
Индекс Ш5(2=Р)3-331.11"Слово..."
700 #1 - ИМЯ ЛИЦА - ПЕРВИЧНАЯ ОТВЕТСТВЕННОСТЬ
Начальный элемент ввода Доренский
Часть имени, кроме начального элемента ввода Н. Ю.
852 00 - МЕСТОНАХОЖДЕНИЕ И ШИФР ХРАНЕНИЯ
Идентификатор организации NLR
Шифр хранения (Call Number) ЭБ
901 ## - ДАННЫЕ ОБ ОБЪЕКТЕ ОЦИФРОВКИ
-- Книжные издания
942 ## - ДОПОЛНИТЕЛЬНЫЕ ЭЛЕМЕНТЫ ЗАПИСИ (АБИС)
Тип экземпляра АБИС Книга
980 ## - КОЛЛЕКЦИЯ
Название коллекции Национальная библиография
981 13 - КОЛЛЕКЦИЯ ЭЛЕКТРОННОЙ БИБЛИОТЕКИ
Название коллекции Документы, защищенные авторским правом
Название подколлекции

Нет доступных экземпляров.